The merry carelesse lover: or, A pleasant new ditty, called, I love a lasse since yesterday, : and yet I cannot get her. To the tune of, The mother beguilde the daughter.

Bibliographic Details
Main Author: Guy, Robert, writer of ballads
Format: eBook
Language:English
Published: Printed at London : For F. Coules, [circa 1640?]
Series:Early English books online.
Subjects:
Online Access:Connect to the full text of this electronic book

MARC

Tag First Indicator Second Indicator Subfields
LEADER 00000nam a2200000 4500
001 in00004187913
005 20200806080940.0
006 m g d
007 cr bn |||a|bb|
008 941220s1640 enka o 00 eng d
035 |a (UnM)99884353 
037 |a CL2105000001  |b ProQuest Information and Learning. 300 N. Zeeb Rd., Ann Arbor, MI 48106 
040 |a Cu-RivES  |c Cu-RivES  |d CStRLIN  |d Cu-RivES  |e dcrb 
100 1 |a Guy, Robert,  |c writer of ballads. 
245 1 4 |a The merry carelesse lover: or, A pleasant new ditty, called, I love a lasse since yesterday, :  |b and yet I cannot get her. To the tune of, The mother beguilde the daughter. 
246 3 0 |a I love a lasse since yesterday 
246 3 0 |a Pleasant new ditty, called, I love a lasse since yesterday 
260 |a Printed at London :  |b For F. Coules,  |c [circa 1640?] 
300 |a 1 online resource (1 sheet ([1] pages). 
336 |a text  |b txt  |2 rdacontent 
337 |a computer  |b c  |2 rdamedia 
338 |a online resource  |b cr  |2 rdacarrier 
500 |a Signed: By Robert Guy. 
500 |a Publication date suggested by STC. 
500 |a Verse: "Oft have I heard of many men ..." 
500 |a In two parts, separated for mounting; woodcuts at head of each part. 
500 |a Reproduction of original in the British Library. 
500 |a NACO 
510 4 |a STC (2nd edition)  |c 12545 
510 4 |a Early English books tract supplement interim guide  |c C.20.f.7[238] 
533 |a Electronic reproduction.  |b Ann Arbor, Mich. :  |c UMI,  |d 1999-  |f (Early English books online)  |n Digital version of: (Early English books; Tract supplement ; A5:1[128])  |7 s1999 miun s 
650 0 |a Ballads, English  |y 17th century. 
730 0 |a Mother beguilde the daughter. 
830 0 |a Early English books online. 
856 4 0 |u http://proxy.library.tamu.edu/login?url=https://search.proquest.com/docview/2264210217  |z Connect to the full text of this electronic book  |t 0 
999 f f |s a5fd200a-c018-31a4-9323-26c0cf4f8cf7  |i ae3bd964-5e69-3307-9409-4a163636f274  |t 0 
952 f f |a Texas A&M University  |b College Station  |c Electronic Resources  |d Available Online  |t 0  |h No information provided 
998 f f |t 0  |l Available Online